TEXTBOOK OF BIOTECHNOLOGY (Record no. 12126)
[ view plain ]
| 000 -LEADER | |
|---|---|
| fixed length control field | 00351nam a22001577a 4500 |
| 003 - CONTROL NUMBER IDENTIFIER | |
| control field | OSt |
| 008 - FIXED-LENGTH DATA ELEMENTS--GENERAL INFORMATION | |
| fixed length control field | 231127b |||||||| |||| 00| 0 eng d |
| 020 ## - INTERNATIONAL STANDARD BOOK NUMBER | |
| International Standard Book Number | 9789355010537 |
| 082 ## - DEWEY DECIMAL CLASSIFICATION NUMBER | |
| Classification number | 660.6 DUT |
| 100 ## - MAIN ENTRY--PERSONAL NAME | |
| Personal name | DUBEY,R.C |
| 245 ## - TITLE STATEMENT | |
| Title | TEXTBOOK OF BIOTECHNOLOGY |
| 250 ## - EDITION STATEMENT | |
| Edition statement | 5th |
| 260 ## - PUBLICATION, DISTRIBUTION, ETC. (IMPRINT) | |
| Place of publication, distribution, etc | NEW DELHI |
| Name of publisher, distributor, etc | S.CHAND |
| 300 ## - PHYSICAL DESCRIPTION | |
| Extent | xiv,602 |
| 942 ## - ADDED ENTRY ELEMENTS (KOHA) | |
| Source of classification or shelving scheme | Dewey Decimal Classification |
| Koha item type | Text Books |
| Withdrawn status | Lost status | Source of classification or shelving scheme | Damaged status | Not for loan | Collection code | Home library | Current library | Date acquired | Source of acquisition | Currency | Cost, normal purchase price | Bill Number | Total Checkouts | Acc. no. / Barcode | Date last seen | Date last borrowed | Actual Cost, discounted price | Bill Date | Koha item type |
|---|---|---|---|---|---|---|---|---|---|---|---|---|---|---|---|---|---|---|---|
| Dewey Decimal Classification | B.Pharma | PIET C-LIBRARY | PIET C-LIBRARY | 25/11/2023 | KIRTI PRAKASHAN | RUPEE | 595.00 | IN-1263 | 1 | BP2345 | 10/12/2025 | 27/11/2025 | 428.40 | 23/11/2023 | Text Books | ||||
| Dewey Decimal Classification | B.Pharma | PIET C-LIBRARY | PIET C-LIBRARY | 25/11/2023 | KIRTI PRAKASHAN | RUPEE | 595.00 | IN-1263 | BP2346 | 27/11/2023 | 428.40 | 23/11/2023 | Text Books | ||||||
| Dewey Decimal Classification | B.Pharma | PIET C-LIBRARY | PIET C-LIBRARY | 25/11/2023 | KIRTI PRAKASHAN | RUPEE | 595.00 | IN-1263 | BP2347 | 27/11/2023 | 428.40 | 23/11/2023 | Text Books | ||||||
| Dewey Decimal Classification | B.Pharma | PIET C-LIBRARY | PIET C-LIBRARY | 25/11/2023 | KIRTI PRAKASHAN | RUPEE | 595.00 | IN-1263 | BP2348 | 27/11/2023 | 428.40 | 23/11/2023 | Text Books | ||||||
| Dewey Decimal Classification | B.Pharma | PIET C-LIBRARY | PIET C-LIBRARY | 25/11/2023 | KIRTI PRAKASHAN | RUPEE | 595.00 | IN-1263 | BP2349 | 27/11/2023 | 428.40 | 23/11/2023 | Text Books |